[Event "ThEM 2004"]
[Site "Bad Frankenhausen"]
[Date "2004.04.11"]
[Round "7"]
[White "Manger, Erika"]
[Black "Jaesche, Thomas"]
[Result "0-1"]
[WhiteElo "1384"]
[BlackElo "1793"]
[PlyCount "98"]
[EventDate "2004.??.??"]
[EventRounds "9"]
[EventCountry "GER"]

{95MB, K0F2J9} 1. c4 g6 2. Nc3 Bg7 3. g3 Nf6 4. Bg2 c6 5. e4 d6 6. d4 O-O 7.
Nge2 Be6 8. d5 Bd7 9. O-O Qc8 10. Be3 Bh3 11. Rb1 h5 12. Nf4 Bxg2 13. Nxg2 Nbd7
14. Qd2 Ne5 15. Qe2 Kh7 16. b3 Bh6 17. Bxh6 Kxh6 18. Qe3+ Kg7 19. h4 Qg4 20. f4
Qh3 21. g4 Qxe3+ 22. Nxe3 Nexg4 23. Nxg4 Nxg4 24. Rbe1 Rae8 25. dxc6 bxc6 26.
e5 dxe5 27. fxe5 Rd8 28. Re2 Rd4 29. Na4 Nh6 30. Nc5 Nf5 31. Re4 Rxe4 32. Nxe4
Rd8 33. Rf2 Nxh4 34. Kf1 Nf5 35. Ke2 Rd4 36. Nc5 h4 37. Kf3 g5 38. e6 f6 39.
Ne4 Kg6 40. Re2 Rd3+ 41. Kg2 Nd4 42. Rd2 h3+ 43. Kh1 Rxd2 44. Nxd2 g4 45. Kh2
f5 46. Kg3 Kg5 47. Nf1 f4+ 48. Kh2 Nf3+ 49. Kh1 g3 0-1

[Event "ThEM 2004"]
[Site "Bad Frankenhausen"]
[Date "2004.04.10"]
[Round "7"]
[White "Missbach, Bernd"]
[Black "Petiko, Jakob"]
[Result "1/2-1/2"]
[WhiteElo "2187"]
[BlackElo "2160"]
[PlyCount "51"]
[EventDate "2004.??.??"]
[EventRounds "9"]
[EventCountry "GER"]

1. e4 d6 2. Nc3 Nf6 3. h3 e5 4. Bc4 c6 5. Qf3 b5 6. Bb3 g6 7. g4 Qe7 8. a3 a6
9. Nge2 h5 10. g5 Nh7 11. d3 Be6 12. Bxe6 Qxe6 13. Qg2 Bg7 14. f4 exf4 15. Nxf4
Qe7 16. Nfe2 O-O 17. Bd2 Nd7 18. O-O Nc5 19. Rf3 Ne6 20. h4 Kh8 21. Raf1 f6 22.
Nf4 Nxf4 23. Rxf4 fxg5 24. Rxf8+ Rxf8 25. Rxf8+ Qxf8 26. hxg5 1/2-1/2

[Event "ThEM 2004"]
[Site "Bad Frankenhausen"]
[Date "2004.04.11"]
[Round "7"]
[White "Schneider, Christian"]
[Black "Moeller, Axel"]
[Result "1-0"]
[WhiteElo "1783"]
[BlackElo "2010"]
[PlyCount "111"]
[EventDate "2004.??.??"]
[EventRounds "9"]
[EventCountry "GER"]

{95MB, K0F2J9} 1. d4 Nf6 2. c4 g6 3. Nc3 Bg7 4. e4 d6 5. Be2 O-O 6. Nf3 c5 7.
d5 Na6 8. O-O Nc7 9. Qc2 Rb8 10. a3 a6 11. Rb1 Bg4 12. Be3 Nd7 13. h3 Bxf3 14.
Bxf3 b5 15. b3 f5 16. exf5 gxf5 17. Be2 f4 18. Bd2 Qe8 19. Ne4 Qg6 20. f3 Bd4+
21. Kh1 e5 22. Bc3 Bxc3 23. Qxc3 b4 24. axb4 Rxb4 25. Bd3 Qh6 26. Kh2 Kf7 27.
Rg1 Rg8 28. Qe1 Ke7 29. g4 fxg3+ 30. Rxg3 Rbb8 31. Rg4 Rxg4 32. fxg4 Rf8 33.
Qg3 Qf4 34. Rf1 Qxg3+ 35. Kxg3 Rxf1 36. Bxf1 Nf6 37. Bd3 h6 38. Nxf6 Kxf6 39.
Kh4 Ne8 40. Kh5 Kg7 41. g5 hxg5 42. Kxg5 Nf6 43. Kf5 Nh5 44. Bc2 Nf4 45. h4 Kf7
46. Be4 Ne2 47. Kg5 Nd4 48. h5 Nxb3 49. Bg6+ Kg7 50. h6+ Kh8 51. Kf6 Nd2 52.
Ke6 a5 53. Kxd6 a4 54. Kxc5 a3 55. d6 a2 56. d7 1-0

[Event "ThEM 2004"]
[Site "Bad Frankenhausen"]
[Date "2004.04.10"]
[Round "7"]
[White "Schorch, Rüdiger"]
[Black "Steinmetzer, Thomas"]
[Result "1-0"]
[WhiteElo "1901"]
[BlackElo "2019"]
[PlyCount "65"]
[EventDate "2004.??.??"]
[EventRounds "9"]
[EventCountry "GER"]

1. c4 e5 2. Nc3 Nf6 3. Nf3 Nc6 4. g3 d5 5. cxd5 Nxd5 6. Bg2 Be6 7. O-O Be7 8.
d3 O-O 9. a3 a5 10. Bd2 h6 11. Rb1 Qd7 12. Nxd5 Bxd5 13. Bc3 a4 14. Qc1 Nd4 15.
Qe3 Nxf3+ 16. Bxf3 f6 17. Be4 c5 18. f4 exf4 19. Rxf4 Bxe4 20. Qxe4 Bd6 21.
Qd5+ Kh8 22. Rbf1 Rad8 23. Rh4 Qe7 24. Re4 Qd7 25. Qh5 Kh7 26. Rg4 Qe8 27. Qf5+
g6 28. Qf3 f5 29. Rh4 b5 30. Qb7+ Rf7 31. Qg2 Be7 32. Rxh6+ Kxh6 33. Qh3+ 1-0

[Event "ThEM 2004"]
[Site "Bad Frankenhausen"]
[Date "2004.04.11"]
[Round "7"]
[White "Seidel, Thomas"]
[Black "Hermann, Ingo"]
[Result "1/2-1/2"]
[WhiteElo "2052"]
[BlackElo "1998"]
[PlyCount "38"]
[EventDate "2004.??.??"]
[EventRounds "9"]
[EventCountry "GER"]

{95MB, K0F2J9} 1. e4 e6 2. d4 d5 3. exd5 exd5 4. Bd3 Bd6 5. Ne2 Ne7 6. O-O O-O
7. c3 Bf5 8. Bf4 c6 9. Re1 Bxd3 10. Qxd3 Ng6 11. Bxd6 Qxd6 12. Nd2 Nd7 13. Qg3
Qxg3 14. hxg3 Nb6 15. f3 Rfe8 16. Kf2 Re7 17. Nf4 Rxe1 18. Rxe1 Nxf4 19. gxf4
Kf8 1/2-1/2

[Event "ThEM 2004"]
[Site "Bad Frankenhausen"]
[Date "2004.04.11"]
[Round "7"]
[White "Stridde, Peter"]
[Black "Schmidt, Matthias"]
[Result "1/2-1/2"]
[WhiteElo "2074"]
[BlackElo "2096"]
[PlyCount "44"]
[EventDate "2004.??.??"]
[EventRounds "9"]
[EventCountry "GER"]

{95MB, K0F2J9} 1. Nc3 d5 2. e4 dxe4 3. Nxe4 Nd7 4. Bc4 e6 5. Qe2 Be7 6. Nf3
Ngf6 7. d3 O-O 8. O-O Nxe4 9. dxe4 e5 10. Rd1 Bf6 11. b4 Qe7 12. a4 Nb6 13. Bd3
Be6 14. a5 Nd7 15. a6 b6 16. b5 Rac8 17. Ba3 Nc5 18. Qe3 c6 19. Bxc5 bxc5 20.
Qe2 cxb5 21. Bxb5 Rfd8 22. Bc4 Rxd1+ 1/2-1/2

[Event "ThEM 2004"]
[Site "Bad Frankenhausen"]
[Date "2004.04.11"]
[Round "7"]
[White "Toepfer, Roland"]
[Black "Liebisch, Dieter"]
[Result "0-1"]
[WhiteElo "1618"]
[BlackElo "1916"]
[PlyCount "128"]
[EventDate "2004.??.??"]
[EventRounds "9"]
[EventCountry "GER"]

{95MB, K0F2J9} 1. c4 e6 2. Nc3 d5 3. e3 Nf6 4. Nf3 Nbd7 5. Be2 c6 6. O-O Bd6 7.
d4 O-O 8. c5 Bc7 9. b4 e5 10. a4 a6 11. Bb2 e4 12. Nd2 a5 13. b5 Qe7 14. b6 Bb8
15. Nb3 Re8 16. Qd2 Nf8 17. Nd1 Ng4 18. g3 Nxh2 19. Kxh2 Qh4+ 20. Kg1 Bxg3 21.
fxg3 Qxg3+ 22. Kh1 Re6 23. Bh5 Rh6 24. Qh2 Qxh2+ 25. Kxh2 Rxh5+ 26. Kg1 Bh3 27.
Rf2 Ne6 28. Rh2 Ng5 29. Nd2 Nf3+ 30. Nxf3 exf3 31. Nf2 Rg5+ 32. Kh1 Bg2+ 33.
Rxg2 fxg2+ 34. Kg1 Re8 35. Re1 Re6 36. Bc3 Re8 37. Bd2 h5 38. Nh3 Rg3 39. Nf4
h4 40. Kh2 g5 41. Nxg2 Rf3 42. Re2 Kg7 43. Ne1 Rf6 44. Nd3 Rf1 45. Re1 Rf5 46.
Kg2 f6 47. Rf1 Rxf1 48. Kxf1 Kg6 49. Kg2 Kf5 50. Nf2 g4 51. Nd3 Rh8 52. Nf2 g3
53. Nh3 Kg4 54. Bc3 Re8 55. Bd2 f5 56. Bc1 Re7 57. Bd2 Re8 58. Bc1 Rh8 59. Bd2
f4 60. Nxf4 h3+ 61. Kh1 Kf3 62. Be1 Rg8 63. Nxh3 Rh8 64. e4 Rxh3+ 0-1

[Event "ThEM 2004"]
[Site "Bad Frankenhausen"]
[Date "2004.04.10"]
[Round "7"]
[White "Vater, Rainer"]
[Black "Grube, Peter"]
[Result "1-0"]
[WhiteElo "2138"]
[BlackElo "1507"]
[PlyCount "91"]
[EventDate "2004.??.??"]
[EventRounds "9"]
[EventCountry "GER"]

1. e4 g6 2. g3 Bg7 3. Bg2 d6 4. Nc3 Nf6 5. d3 c6 6. h3 Nbd7 7. Bg5 h6 8. Be3
Qa5 9. Bd2 Qb6 10. Qc1 Nc5 11. Nge2 Nfd7 12. O-O Qa6 13. Rb1 Ne6 14. Nd1 Ndc5
15. a3 Nd7 16. Be3 Qa5 17. Bd2 Qc7 18. f3 a6 19. Nf2 b5 20. Be3 Nb6 21. Qd2 d5
22. c3 c5 23. Nh1 d4 24. cxd4 Nxd4 25. Nxd4 Bxd4 26. Bxd4 cxd4 27. f4 Bb7 28.
Qf2 Rd8 29. g4 Rd6 30. Ng3 Rf8 31. e5 Re6 32. Qxd4 Bxg2 33. Kxg2 Qb7+ 34. Kh2
Qd5 35. Qe3 f6 36. d4 Nc4 37. Qd3 fxe5 38. f5 e4 39. Qe2 gxf5 40. Nxf5 Kd8 41.
Rbc1 Ref6 42. b3 e6 43. bxc4 bxc4 44. Ng3 Qxd4 45. Rcd1 Rf2+ 46. Kh1 1-0

[Event "ThEM 2004"]
[Site "Bad Frankenhausen"]
[Date "2004.04.11"]
[Round "8"]
[White "Aepfler, Christian"]
[Black "Deuter, Lutz"]
[Result "1-0"]
[WhiteElo "2271"]
[BlackElo "2070"]
[PlyCount "47"]
[EventDate "2004.??.??"]
[EventRounds "9"]
[EventCountry "GER"]

{95MB, K0F2J9} 1. e4 e6 2. d4 d5 3. exd5 exd5 4. c4 Nf6 5. Nc3 dxc4 6. Bxc4 Be7
7. Nf3 O-O 8. h3 Nbd7 9. O-O c6 10. Ne5 Nb6 11. Bb3 Nbd5 12. Re1 Be6 13. Bg5
Re8 14. Qf3 Nc7 15. Bxf6 Bxf6 16. Ne4 Nd5 17. Nc5 Bc8 18. Rad1 Qa5 19. Bxd5
cxd5 20. Qxd5 Be6 21. Qxb7 Rab8 22. Qf3 Bxe5 23. Rxe5 Rxb2 24. Nxe6 1-0

[Event "ThEM 2004"]
[Site "Bad Frankenhausen"]
[Date "2004.04.11"]
[Round "8"]
[White "Grube, Peter"]
[Black "Manger, Erika"]
[Result "1/2-1/2"]
[WhiteElo "1507"]
[BlackElo "1384"]
[PlyCount "60"]
[EventDate "2004.??.??"]
[EventRounds "9"]
[EventCountry "GER"]

1. e4 c6 2. Nc3 d5 3. exd5 cxd5 4. d4 Nc6 5. Bf4 Bf5 6. Bd3 Bxd3 7. Qxd3 e6 8.
a3 Bd6 9. Bxd6 Qxd6 10. Nb5 Qf4 11. Ne2 Qb8 12. Qg3 Qxg3 13. Nxg3 Kd7 14. Ne2
a6 15. Nbc3 Nge7 16. Na4 Kc7 17. Nc5 b6 18. Nd3 Ng6 19. O-O Rhe8 20. c3 e5 21.
dxe5 Ngxe5 22. Nxe5 Rxe5 23. Rfe1 Rae8 24. Kf1 Na5 25. b4 Nb3 26. Ra2 a5 27.
Rb2 a4 28. Rd1 Kc6 29. Nf4 R8e7 30. Nd3 Re4 1/2-1/2

[Event "ThEM 2004"]
[Site "Bad Frankenhausen"]
[Date "2004.04.11"]
[Round "8"]
[White "Hermann, Ingo"]
[Black "Holzschuh, Stephan"]
[Result "1/2-1/2"]
[WhiteElo "1998"]
[BlackElo "2153"]
[PlyCount "42"]
[EventDate "2004.??.??"]
[EventRounds "9"]
[EventCountry "GER"]

{95MB, K0F2J9} 1. e4 c5 2. c3 Nf6 3. e5 Nd5 4. d4 cxd4 5. Qxd4 e6 6. Nf3 Nc6 7.
Qe4 d6 8. Nbd2 dxe5 9. Nxe5 Bd7 10. Ndc4 Nf6 11. Qe3 Qc7 12. Nxd7 Nxd7 13. Be2
Bc5 14. Qg3 Qxg3 15. hxg3 O-O 16. O-O b5 17. Nd2 Rab8 18. Nb3 Be7 19. Be3 Rfc8
20. Rac1 Nde5 21. Nd4 Nc4 1/2-1/2

[Event "ThEM 2004"]
[Site "Bad Frankenhausen"]
[Date "2004.04.11"]
[Round "8"]
[White "Jaesche, Thomas"]
[Black "Toepfer, Roland"]
[Result "1/2-1/2"]
[WhiteElo "1793"]
[BlackElo "1618"]
[PlyCount "119"]
[EventDate "2004.??.??"]
[EventRounds "9"]
[EventCountry "GER"]

{95MB, K0F2J9} 1. e4 e6 2. d4 d5 3. e5 c5 4. c3 Nc6 5. Nf3 Qb6 6. a3 Be7 7. Be2
Bd7 8. O-O f6 9. exf6 Bxf6 10. dxc5 Qxc5 11. Be3 Qd6 12. Nbd2 Nge7 13. Nb3 O-O
14. Bc5 Qc7 15. Nfd4 Nxd4 16. Bxd4 Ba4 17. Bxf6 Rxf6 18. Bd3 Raf8 19. Bc2 Bxb3
20. Bxb3 Qb6 21. Qc2 Nc6 22. Ba2 Ne5 23. h3 Rg6 24. Kh1 Rh6 25. Qe2 Ng6 26. f3
Qd6 27. Rae1 Nf4 28. Qe5 Qb6 29. c4 Nd3 30. Qe3 Nxe1 31. Qxb6 axb6 32. cxd5 Nd3
33. dxe6 Kh8 34. Kh2 Nc5 35. e7 Re8 36. Rd1 Ne6 37. Rd7 g5 38. Rxb7 Kg7 39. Bc4
Kf6 40. Rxb6 Rxe7 41. a4 Kg7 42. a5 Nc7 43. Rb8 Rc6 44. Bd3 h6 45. b4 Rd6 46.
Be4 Na6 47. Rb5 Rd4 48. Bb7 Rxb4 49. Bxa6 Rxb5 50. Bxb5 Re5 51. Bc6 Rxa5 52.
Kg3 Rf5 53. h4 Kf6 54. hxg5+ hxg5 55. Kh3 Rc5 56. Be4 Rc1 57. Kh2 Rd1 58. Bb7
Ke5 59. Kg3 Rd2 60. Bc8 1/2-1/2

[Event "ThEM 2004"]
[Site "Bad Frankenhausen"]
[Date "2004.04.11"]
[Round "8"]
[White "Klaus, Christian"]
[Black "Schorch, Rüdiger"]
[Result "1/2-1/2"]
[WhiteElo "2061"]
[BlackElo "1901"]
[PlyCount "28"]
[EventDate "2004.??.??"]
[EventRounds "9"]
[EventCountry "GER"]

{95MB, K0F2J9} 1. e4 c5 2. Nc3 Nc6 3. g3 g6 4. Bg2 Bg7 5. d3 d6 6. Be3 e6 7.
Qd2 Qa5 8. f4 Nge7 9. Nf3 O-O 10. O-O Nd4 11. Nh4 f5 12. Nd5 Qxd2 13. Nxe7+ Kf7
14. Bxd2 Kxe7 1/2-1/2

[Event "ThEM 2004"]
[Site "Bad Frankenhausen"]
[Date "2004.04.10"]
[Round "8"]
[White "Liebisch, Dieter"]
[Black "Stridde, Peter"]
[Result "1-0"]
[WhiteElo "1916"]
[BlackElo "2074"]
[PlyCount "77"]
[EventDate "2004.??.??"]
[EventRounds "9"]
[EventCountry "GER"]

1. d4 Nc6 2. e4 e5 3. d5 Nce7 4. f4 Ng6 5. Ne2 exf4 6. Nxf4 Bb4+ 7. Nc3 Qf6 8.
Qf3 N8e7 9. Bd3 O-O 10. Be2 Nxf4 11. Bxf4 Bxc3+ 12. bxc3 d6 13. O-O Ng6 14. Bd2
Qxf3 15. gxf3 f5 16. Kg2 f4 17. Rab1 b6 18. Rg1 Rf7 19. Kf2 Bd7 20. c4 Re8 21.
Bc3 Ree7 22. Rg5 Bc8 23. c5 bxc5 24. Rb8 Rf8 25. Ra8 c6 26. Bc4 cxd5 27. Bxd5+
Be6 28. Bxe6+ Rxe6 29. Rxa7 Rf7 30. Rxf7 Kxf7 31. Rg1 Ne5 32. a4 Re7 33. a5 Ke6
34. Ke2 g6 35. Bxe5 Kxe5 36. Kd3 d5 37. Rg5+ Kd6 38. Rxd5+ Kc6 39. Kc4 1-0

[Event "ThEM 2004"]
[Site "Bad Frankenhausen"]
[Date "2004.04.10"]
[Round "8"]
[White "Moeller, Axel"]
[Black "Seidel, Thomas"]
[Result "0-1"]
[WhiteElo "2010"]
[BlackElo "2052"]
[PlyCount "98"]
[EventDate "2004.??.??"]
[EventRounds "9"]
[EventCountry "GER"]

1. e4 c5 2. Nf3 d6 3. d4 cxd4 4. Nxd4 Nf6 5. Nc3 a6 6. Be2 e6 7. Be3 Be7 8. g4
h6 9. f3 b5 10. a3 Bb7 11. Qd2 Nc6 12. O-O-O Nxd4 13. Bxd4 e5 14. Be3 Qc7 15.
g5 hxg5 16. Bxg5 O-O-O 17. Bxf6 Bxf6 18. Bxb5 axb5 19. Nxb5 Qb6 20. Qb4 Be7 21.
Rd3 Rd7 22. Rb3 Kb8 23. Rd1 Rc8 24. Qa4 Qf2 25. c4 Rc6 26. Nd4 exd4 27. Qxc6 d3
28. Rdxd3 Qe1+ 29. Kc2 Bg5 30. Rxb7+ Rxb7 31. Qxd6+ Ka8 32. Qa6+ Kb8 33. Qd6+
Ka8 34. f4 Qe2+ 35. Rd2 Qxc4+ 36. Kb1 Qxe4+ 37. Ka1 Qxf4 38. Qa6+ Kb8 39. Rc2
Bf6 40. Qc6 Qf1+ 41. Ka2 Qb5 42. Qg2 Qb3+ 43. Kb1 Qd3 44. Ka2 Be5 45. Qc6 Qb3+
46. Kb1 Qb5 47. Qg2 f6 48. Qd2 Rd7 49. Qf2 Rd1+ 0-1

[Event "ThEM 2004"]
[Site "Bad Frankenhausen"]
[Date "2004.04.11"]
[Round "8"]
[White "Petiko, Jakob"]
[Black "Kraemer, Martin"]
[Result "0-1"]
[WhiteElo "2160"]
[BlackElo "2243"]
[PlyCount "80"]
[EventDate "2004.??.??"]
[EventRounds "9"]
[EventCountry "GER"]

{95MB, K0F2J9} 1. c4 g6 2. Nc3 Bg7 3. e4 c5 4. g3 Nc6 5. Bg2 d6 6. d3 e6 7. Be3
Nd4 8. Nge2 Ne7 9. O-O O-O 10. Qd2 Nec6 11. f4 a6 12. Bf2 Qa5 13. Rfd1 Rb8 14.
Nxd4 Bxd4 15. g4 f6 16. Kh1 Bxf2 17. Qxf2 Nd4 18. Rg1 b5 19. cxb5 axb5 20. f5
g5 21. h4 h6 22. Nd1 Nb3 23. Rb1 Qxa2 24. Ne3 Qa7 25. fxe6 Bxe6 26. Nf5 Bxf5
27. exf5 Kg7 28. Bd5 Nd4 29. Ra1 Qd7 30. Ra6 Rbe8 31. Rga1 Re7 32. Rb6 Rd8 33.
Raa6 Qe8 34. Be4 Red7 35. Qh2 Qe5 36. Qf2 Re7 37. h5 b4 38. Qd2 d5 39. Bg2 Qg3
40. Ra1 Rde8 0-1

[Event "ThEM 2004"]
[Site "Bad Frankenhausen"]
[Date "2004.04.11"]
[Round "8"]
[White "Schmidt, Matthias"]
[Black "Vater, Rainer"]
[Result "1-0"]
[WhiteElo "2096"]
[BlackElo "2138"]
[PlyCount "71"]
[EventDate "2004.??.??"]
[EventRounds "9"]
[EventCountry "GER"]

{95MB, K0F2J9} 1. e4 d5 2. exd5 Qxd5 3. Nc3 Qa5 4. d4 Nf6 5. Nf3 Bg4 6. h3 Bh5
7. g4 Bg6 8. Ne5 e6 9. Nxg6 hxg6 10. Bg2 c6 11. Qf3 Nbd7 12. O-O Bd6 13. a3 Qc7
14. Re1 O-O 15. b4 a6 16. Ne2 Nb6 17. Qb3 Nbd5 18. c4 Nf4 19. Nxf4 Bxf4 20.
Bxf4 Qxf4 21. Qe3 Qc7 22. Rad1 Rad8 23. Bf3 Rfe8 24. h4 Rf8 25. g5 Ne8 26. d5
exd5 27. cxd5 cxd5 28. Bxd5 Nd6 29. Qf4 Rd7 30. Qg4 Nf5 31. h5 Qb6 32. hxg6
Qxg6 33. Be4 Rxd1 34. Rxd1 Nh6 35. Qg2 Qh5 36. Bf3 1-0

[Event "ThEM 2004"]
[Site "Bad Frankenhausen"]
[Date "2004.04.11"]
[Round "8"]
[White "Seidens, Gunter"]
[Black "Enders, Peter"]
[Result "0-1"]
[WhiteElo "2050"]
[BlackElo "2470"]
[PlyCount "60"]
[EventDate "2004.??.??"]
[EventRounds "9"]
[EventCountry "GER"]

{95MB, K0F2J9} 1. c4 Nf6 2. Nc3 g6 3. Nf3 Bg7 4. g3 O-O 5. Bg2 d6 6. O-O e5 7.
d4 Nbd7 8. d5 a5 9. Bd2 Nc5 10. Qc1 Re8 11. Bg5 Bd7 12. Rd1 Qc8 13. Rb1 Bf5 14.
Ra1 Nfe4 15. Nxe4 Bxe4 16. Bh6 Bxf3 17. Bxf3 Bxh6 18. Qxh6 Qf5 19. Rac1 Reb8
20. b3 b5 21. cxb5 Rxb5 22. Rc4 Rb4 23. Rdc1 e4 24. Bg2 Qxd5 25. h4 Rab8 26.
Bxe4 Nxe4 27. Rxc7 Re8 28. Re7 Rbb8 29. Ra7 Nxg3 30. Kh2 Nf5 0-1

[Event "ThEM 2004"]
[Site "Bad Frankenhausen"]
[Date "2004.04.10"]
[Round "8"]
[White "Sieber, Stephan"]
[Black "Kirste, Olaf"]
[Result "1-0"]
[WhiteElo "2210"]
[BlackElo "2066"]
[PlyCount "71"]
[EventDate "2004.??.??"]
[EventRounds "9"]
[EventCountry "GER"]

1. e4 c5 2. Nf3 d6 3. d4 cxd4 4. Nxd4 Nf6 5. Nc3 a6 6. Be3 e6 7. f3 Be7 8. Qd2
Qc7 9. g4 Nc6 10. O-O-O b5 11. g5 Nd7 12. h4 Nce5 13. Rg1 Nb6 14. b3 Bb7 15. h5
Rc8 16. Nb1 Nxf3 17. Nxf3 Bxe4 18. Ne1 Nd5 19. Bd3 Bxd3 20. Qxd3 Nb4 21. Qd2
Nd5 22. Bd4 Rg8 23. Kb2 b4 24. Rc1 Qa5 25. c3 bxc3+ 26. Nxc3 Kd7 27. Nf3 Nb4
28. Na4 Rxc1 29. Rxc1 Rb8 30. Qc3 Bd8 31. a3 Nd3+ 32. Qxd3 Qxa4 33. Ne5+ Ke8
34. Nc6 Rb7 35. Nxd8 Kxd8 36. Bxg7 1-0

[Event "ThEM 2004"]
[Site "Bad Frankenhausen"]
[Date "2004.04.10"]
[Round "8"]
[White "Siegl, Detlef"]
[Black "Huster, Mike"]
[Result "1/2-1/2"]
[WhiteElo "2013"]
[BlackElo "1891"]
[PlyCount "70"]
[EventDate "2004.??.??"]
[EventRounds "9"]
[EventCountry "GER"]

1. e4 d5 2. exd5 Nf6 3. d4 Nxd5 4. Nf3 Bg4 5. Be2 e6 6. O-O Be7 7. c4 Nb6 8.
Nc3 O-O 9. Be3 c6 10. b3 N8d7 11. Rc1 Nf6 12. h3 Bh5 13. Ne5 Bxe2 14. Qxe2 Nbd7
15. Nf3 Re8 16. Qc2 Qa5 17. Rcd1 Bd6 18. Bd2 Qc7 19. Rfe1 Rad8 20. Qd3 b6 21.
Qf1 h6 22. Rc1 Qb7 23. Rc2 e5 24. dxe5 Nxe5 25. Nxe5 Bxe5 26. Be3 Qc8 27. Nb1
Qf5 28. Rd2 Rxd2 29. Nxd2 Bc3 30. Re2 Qd3 31. Nf3 Nh5 32. a4 Rd8 33. Bd2 Bf6
34. Re8+ Kh7 35. Rxd8 Qxd8 1/2-1/2

[Event "ThEM 2004"]
[Site "Bad Frankenhausen"]
[Date "2004.04.12"]
[Round "9"]
[White "Buring, Matthias"]
[Black "Goemann, Jens"]
[Result "1-0"]
[WhiteElo "2121"]
[BlackElo "2198"]
[PlyCount "63"]
[EventDate "2004.??.??"]
[EventRounds "9"]
[EventCountry "GER"]

{95MB, K0F2J9} 1. d4 Nf6 2. c4 g6 3. Nc3 Bg7 4. e4 d6 5. f4 O-O 6. Nf3 c5 7. d5
e6 8. Bd3 exd5 9. cxd5 Re8 10. O-O a6 11. a4 c4 12. Bc2 Nbd7 13. Be3 Qa5 14.
Bd4 Nc5 15. e5 dxe5 16. fxe5 Ng4 17. Qe2 Nd3 18. Bxd3 cxd3 19. Qxd3 Nxe5 20.
Bxe5 Bxe5 21. Nxe5 Rxe5 22. Qd4 Qc7 23. d6 Qc5 24. Qxc5 Rxc5 25. Ne4 Rf5 26.
Nf6+ Rxf6 27. Rxf6 Be6 28. Rf4 Rc8 29. Rd1 Kf8 30. Rb4 Rb8 31. d7 Ke7 32. Rxb7
1-0

[Event "ThEM 2004"]
[Site "Bad Frankenhausen"]
[Date "2004.04.12"]
[Round "9"]
[White "Deuter, Lutz"]
[Black "Liebisch, Dieter"]
[Result "1-0"]
[WhiteElo "2070"]
[BlackElo "1916"]
[PlyCount "103"]
[EventDate "2004.??.??"]
[EventRounds "9"]
[EventCountry "GER"]

{95MB, K0F2J9} 1. Nf3 d5 2. b3 c5 3. Bb2 Nc6 4. e3 Bg4 5. Bb5 Nf6 6. O-O e6 7.
d3 Qc7 8. Nbd2 Rd8 9. Qe2 Be7 10. Rfe1 O-O 11. Bxc6 bxc6 12. e4 h6 13. Nf1 Nh7
14. h3 Bh5 15. Ng3 Bg6 16. Ne5 d4 17. Nc4 Qf4 18. Bc1 Qh4 19. Qg4 Qxg4 20. hxg4
Nf6 21. Ne5 Rc8 22. Nxg6 fxg6 23. g5 Ng4 24. f3 Ne3 25. Bxe3 dxe3 26. gxh6 Bf6
27. hxg7 Kxg7 28. Rad1 Bh4 29. Nh1 Bxe1 30. Rxe1 Kf6 31. Ng3 Ke5 32. Nf1 Kd4
33. Nxe3 Rh8 34. Kf2 Rh5 35. Ke2 Kc3 36. Rc1 Rh2 37. Nd1+ Kb4 38. Ne3 Ka3 39.
Kd2 Rch8 40. Re1 Rf8 41. Kc3 Kxa2 42. Kc4 Kb2 43. Kxc5 g5 44. Kxc6 g4 45. fxg4
Rf2 46. Nd1+ Kxc2 47. Nxf2 Kd2 48. Ra1 Rxg2 49. Rxa7 Ke3 50. Rf7 Rh2 51. b4 Kd4
52. b5 1-0

[Event "ThEM 2004"]
[Site "Bad Frankenhausen"]
[Date "2004.04.12"]
[Round "9"]
[White "Enders, Peter"]
[Black "Taudte, Stefan"]
[Result "1-0"]
[WhiteElo "2470"]
[BlackElo "2078"]
[PlyCount "107"]
[EventDate "2004.??.??"]
[EventRounds "9"]
[EventCountry "GER"]

{95MB, K0F2J9} 1. e4 e6 2. d4 d5 3. Nc3 Bb4 4. e5 c5 5. a3 cxd4 6. axb4 dxc3 7.
Qg4 Ne7 8. Qxg7 Rg8 9. Qxh7 Qc7 10. f4 Nbc6 11. bxc3 Nxe5 12. Bd2 N5g6 13. Nh3
e5 14. Ng5 Nxf4 15. Qxf7+ Kd8 16. h4 Bg4 17. g3 Nh5 18. Rg1 Qb6 19. Qf2 Qxf2+
20. Kxf2 Kd7 21. Be2 Nf6 22. Bxg4+ Nxg4+ 23. Kf3 Nh2+ 24. Kg2 Ng4 25. Rgf1 a6
26. Kh3 Nh6 27. Rae1 e4 28. Nxe4 dxe4 29. Bxh6 Rac8 30. Bd2 Nd5 31. Rxe4 Nxc3
32. Rd4+ Ke6 33. Re1+ Kf5 34. Rf4+ Kg6 35. Rg4+ Kh7 36. Re7+ Kh8 37. Bxc3+ Rxc3
38. Rxg8+ Kxg8 39. Rxb7 Rxc2 40. b5 axb5 41. Rxb5 Rc4 42. h5 Kg7 43. g4 Kh6 44.
Kh4 Ra4 45. Rb6+ Kh7 46. h6 Ra5 47. g5 Rc5 48. Rb7+ Kg8 49. g6 Rc8 50. Kg5 Kh8
51. Kf5 Rc5+ 52. Ke4 Rc8 53. Kd5 Rf8 54. g7+ 1-0

[Event "ThEM 2004"]
[Site "Bad Frankenhausen"]
[Date "2004.04.12"]
[Round "9"]
[White "Grube, Peter"]
[Black "Siegl, Detlef"]
[Result "0-1"]
[WhiteElo "1507"]
[BlackElo "2013"]
[PlyCount "50"]
[EventDate "2004.??.??"]
[EventRounds "9"]
[EventCountry "GER"]

1. e4 c5 2. Nf3 Nc6 3. d4 cxd4 4. Nxd4 Nf6 5. Nc3 e5 6. Ndb5 d6 7. Bg5 a6 8.
Bxf6 gxf6 9. Na3 b5 10. Nd5 f5 11. exf5 Qa5+ 12. Qd2 Qxd2+ 13. Kxd2 Bh6+ 14.
Ke1 O-O 15. Nb6 Ra7 16. Rd1 Nd4 17. Nxc8 Rxc8 18. c3 Nxf5 19. g4 Nh4 20. Rxd6
Bc1 21. Bd3 Bxb2 22. Nc2 Bxc3+ 23. Ke2 Ng6 24. Bxg6 hxg6 25. Ne3 Bd4 0-1

[Event "ThEM 2004"]
[Site "Bad Frankenhausen"]
[Date "2004.04.12"]
[Round "9"]
[White "Gulich, Christian"]
[Black "Schmidt, Matthias"]
[Result "1-0"]
[WhiteElo "2104"]
[BlackElo "2096"]
[PlyCount "43"]
[EventDate "2004.??.??"]
[EventRounds "9"]
[EventCountry "GER"]

1. e4 e6 2. d4 d5 3. Nc3 Bb4 4. e5 c5 5. a3 cxd4 6. Qxd4 Nc6 7. Bb5 Bd7 8. Bxc6
Bxc3+ 9. Qxc3 Bxc6 10. Nf3 Rc8 11. Nd4 Qh4 12. Nb5 Rd8 13. Nd6+ Kf8 14. Be3 g6
15. Bxa7 Kg7 16. O-O Ne7 17. b4 Ba4 18. Bb6 Rd7 19. b5 d4 20. Bxd4 Nd5 21. Qd2
Bxc2 22. g3 1-0

[Event "ThEM 2004"]
[Site "Bad Frankenhausen"]
[Date "2004.04.12"]
[Round "9"]
[White "Holzschuh, Stephan"]
[Black "Schneider, Christian"]
[Result "1/2-1/2"]
[WhiteElo "2153"]
[BlackElo "1783"]
[PlyCount "83"]
[EventDate "2004.??.??"]
[EventRounds "9"]
[EventCountry "GER"]

{95MB, K0F2J9} 1. e4 c6 2. d4 d5 3. Nd2 dxe4 4. Nxe4 Bf5 5. Ng3 Bg6 6. Nf3 Nd7
7. Bc4 e6 8. h4 h6 9. Qe2 Ngf6 10. h5 Bh7 11. c3 Be7 12. O-O O-O 13. Ne5 Nxe5
14. dxe5 Nd5 15. Bb3 Bg5 16. Qg4 Bxc1 17. Raxc1 Qc7 18. Rfe1 Rad8 19. Rcd1 Ne7
20. Rxd8 Rxd8 21. Rd1 Bf5 22. Qe2 Rd7 23. Rxd7 Qxd7 24. Qd1 Qxd1+ 25. Bxd1 Kf8
26. Nxf5 Nxf5 27. Bc2 Ne7 28. Be4 Ke8 29. f4 Kd7 30. Kf2 b6 31. Ke3 Kc7 32. g4
Kd7 33. f5 c5 34. Kf4 f6 35. c4 exf5 36. Bxf5+ Kc7 37. Be4 Kd7 38. Bf5+ Kc7 39.
Be4 Kd7 40. Bd5 Kc7 41. exf6 gxf6 42. Ke4 1/2-1/2

[Event "ThEM 2004"]
[Site "Bad Frankenhausen"]
[Date "2004.04.12"]
[Round "9"]
[White "Jaesche, Thomas"]
[Black "Steinmetzer, Peter"]
[Result "0-1"]
[WhiteElo "1793"]
[BlackElo "2078"]
[PlyCount "94"]
[EventDate "2004.??.??"]
[EventRounds "9"]
[EventCountry "GER"]

1. e4 Nf6 2. Nc3 e5 3. Bc4 Be7 4. Nge2 O-O 5. d3 c6 6. Ng3 d5 7. exd5 cxd5 8.
Bb3 Nc6 9. O-O h6 10. Bd2 Be6 11. Nce2 Qb6 12. Be3 d4 13. Bd2 Nd5 14. h3 Rac8
15. Rc1 a5 16. Kh1 a4 17. Bxa4 Qxb2 18. Bb3 Ndb4 19. Rb1 Qa3 20. Bc1 Qa6 21.
Bxe6 fxe6 22. a3 Nd5 23. Bb2 Rc7 24. Ra1 Rfc8 25. c4 dxc3 26. Nxc3 Nf4 27. Bc1
Nd4 28. Nce2 Nxd3 29. Be3 Nc2 30. Ra2 Ndb4 31. Rb2 Qxa3 32. Qb1 Qa6 33. Bd2 Nd5
34. Ra2 Qd6 35. Ba5 b6 36. Bd2 Nd4 37. Ne4 Qd7 38. N2g3 b5 39. Nh5 Qe8 40. Qd1
Qg6 41. Nhg3 b4 42. Re1 b3 43. Ra6 b2 44. Qb1 Rb7 45. Nd6 Qxb1 46. Rxb1 Bxd6
47. Rxd6 Nc3 0-1